| 000 -LEADER |
| fixed length control field |
00666nam a22002057a 4500 |
| 008 - FIXED-LENGTH DATA ELEMENTS--GENERAL INFORMATION |
| fixed length control field |
151023b xxu||||| |||| 00| 0 eng d |
| 020 ## - INTERNATIONAL STANDARD BOOK NUMBER |
| International Standard Book Number |
9780071781268 (alk. paper) |
| 020 ## - INTERNATIONAL STANDARD BOOK NUMBER |
| International Standard Book Number |
0071781269 (alk. paper) |
| 041 0# - LANGUAGE CODE |
| Language code of text/sound track or separate title |
eng |
| 080 ## - UNIVERSAL DECIMAL CLASSIFICATION NUMBER |
| Universal Decimal Classification number |
658.4 |
| 100 1# - Rafti |
| Rafti |
Casullo, David. |
| 245 10 - TITLE STATEMENT |
| Title |
Leading the high energy culture : |
| Statement of responsibility, etc |
David Casullo. |
| 260 ## - |
| -- |
New York : |
| -- |
McGraw-Hill, |
| -- |
2012. |
| 300 ## - |
| -- |
x, 256 f. : |
| -- |
me il.; |
| -- |
24 cm. |
| 650 #0 - |
| -- |
Kultura në organizatë |
| 650 #0 - |
| -- |
Sjellja në organizatë |
| 650 #0 - |
| -- |
Motivimi i punëtorëve |
| 650 #0 - |
| -- |
Lidership |
| 942 ## - ADDED ENTRY ELEMENTS (KOHA) |
| Source of classification or shelving scheme |
|
| Item type |
Books |